000 00677nam a2200241 a 4500
001 BRL_646
005 20190320210832.0
008 180913s1920----gw-#######---#000-0#ger-#
041 _ager
044 _agw
050 4 _aPT5800
_b.H47 1920
100 1 _aHerwegh, Georg
_924511
245 1 0 _aReisst die Kreuze aus der Erden!
_cGeorg Herqegh.
260 _aBerlín
_bRowohlt
_c1920
300 _a46 p.
_c23 cm.
440 0 _aUmsturz und Aufbau
_924512
500 _aAu759
500 _aEstado físico: presenta rasgaduras en el lomo.
650 1 4 _aPoesía
_917631
651 4 _aAlemania
_vPoesía
_xHistoria
_yRevolución, 1848-1849
_924513
902 _aGRL
942 _2lcc
_cB
999 _c9458
_d9458